000 00716cam a2200217 4500
008 000000n1999 000 0 eng u
020 _a1840282789
035 _a(Sirsi) u104046
050 _a658.3145
100 _aLinkemer, Bobbi
245 _aDealing with difficult people.
260 _aLondon
_bMarshall Publishing
_c1999
300 _a95p. ; 24cm.
350 _a9.99
520 _aPart of the Video Arts Self-Development Programme series, which aims to enable the reader to deal effectively with difficult people in a way that makes a continued relationship possible.
650 _aDIFFICULT PEOPLE
650 _aCONFLICT
650 _aINTERPERSONAL SKILLS
690 _aMANAGEMENT
942 _n0
999 _c100201
_d100201